000 00633nam a22002177a 4500
003 UA-OsUOA
001 123817
007 ta
008 20170711b un ||||| |||| 00| 0 ukr d
100 _aМеленчук О.
090 _a82
_bМ47
942 _cSA
040 _aUA-OsUOA
_bukr
_cUA-OsUOA
_dUA-OsUOA
245 _aКирило Студинський - дослідник і популяризатор творчості Тараса Шевченка
300 _aС.16-23
955 _a0
041 _aukr
080 _a82
773 0 _w123815
650 7 _a82 Література. Літературознавство
_2UDC
999 _c410973
_d410973